000 01246nam a2200253 a 4500
001 74218
003 BD-RjUL
005 20211209082520.0
008 180404s2013 bg d|||| |b|| 00| 0 ben d
020 _a9789849048671
_c: Tk. 600.00
035 _a(BD-RjUL)74436
040 _aBD-RjUL
_bben
_cBD-RjUL
_dBD-RjUL
041 _aben
082 _223
_a327.5492054
_bHOB 2013
100 1 _aহুদা, মোহাম্মদ নাজমুল
_9220927
245 1 _aবাংলাদেশের পররাষ্ট্রনীতিতে ভারত /
_cমোহাম্মদ নাজমুল হুদা
260 _aঢাকা :
_bএ এইচ ডেভেলপমেন্ট পাবলিশিং হাউজ,
_c২০১৩
300 _a[৮], ২১৬ পৃ. :
_bচিত্র ;
_c২২ সেমি.
504 _aগ্রন্থপঞ্জিমূলক রেফারেন্স সংযুক্ত (পৃষ্ঠা ২০৫-২০১৬)
520 _aArticles on foreign policy of Bangladesh with India.
651 _aবাংলাদেশ
_xবৈদেশিক সম্পর্ক
_zভারত
_9220928
651 _aBangladesh
_xForeign relations
_zIndia.
_9220929
942 _2ddc
_cBK
999 _c74218
_d74218